Výročná správa ...

Bibliographic Details
Corporate Author: Zoologická záhrada (Bojnice, Slovensko)
Other Authors: Lupták, Peter, 1970- (Editor), Klasová, Andrea (Editor)
Format: Serial
Language:Slovak
PhysicalDescription:zv. fotogr. 21 cm
Published: Bojnice Zoologická záhrada Bojnice -[2017]
ISBN:8096873911 (brož. : 2000)
9788089680023 (brož. : 2014)
9788097235352 (brož. : 2015)
9788097035433 (brož. : 2009)
9788096946167 (brož. : 2010)
9788097090852 (brož. : 2011)
9788097269142 (brož. : 2016)
9788097235352
9788096946198 (brož. : 2012)
Subjects:

MARC

LEADER 00000cas a2200000 a 4500
001 vtls001471210
003 SK-MaSNL
005 20260228160736.0
008 160430d200u2017xo ar| | 0 0b0slo
015 |a SNBB2005/02-00620 (r. 2000)  |a SNBB2017-(r. 2009, r. 2010, r. 2011, r. 2014, r. 2015, r. 2016)  |a SNBB2020-(r. 2012) 
020 |a 8096873911 (brož. : 2000) 
020 |a 9788089680023 (brož. : 2014) 
020 |a 9788097235352 (brož. : 2015) 
020 |a 9788097035433 (brož. : 2009) 
020 |a 9788096946167 (brož. : 2010) 
020 |a 9788097090852 (brož. : 2011) 
020 |a 9788097269142 (brož. : 2016)  |a 9788097235352 
020 |a 9788096946198 (brož. : 2012) 
035 |a SNK000426513 
040 |a SNK  |b slo  |c SNK  |d SVKBB  |e AACR2 
041 0 |a slo  |b eng 
043 |a e-xo--- 
044 |a xo  |c SK 
072 7 |a 59  |x Zooloógia  |2 konspekt 
080 |a 59:069.029  |2 2001 
080 |a (437.613)  |2 2001 
080 |a (047.1)  |2 2011 
080 |a (036)  |2 2011 
110 2 |a Zoologická záhrada (Bojnice, Slovensko)  |9 75128 
245 1 0 |a Výročná správa ...  |c Zoologická záhrada Bojnice 
246 1 1 |a Annual Report ... 
246 1 3 |a Zoologická záhrada Bojnice - Výročná správa ... 
260 |a Bojnice  |b Zoologická záhrada Bojnice  |c -[2017] 
300 |a zv.  |b fotogr.  |c 21 cm 
310 |a 1x ročne 
362 1 |a Ukončené: Rok 2016 
500 |a Súčasťou názvu je označenie bežného roku 
500 |a Názov z obalu 
500 |a Správa za r. 2016 má uvedené ISBN správy za r. 2015 
500 |a Popis podľa: R. 2009 (vydané v r. 2010) 
500 |a Editor: 2011, 2012, 2014, Peter Lupták ; 2015-2016, Andrea Klasová 
546 |a Angl. res. 
650 0 7 |a zoologické záhrady  |2 SNKPH  |9 69911 
650 0 7 |a Zoos  |2 SNKPHeng  |9 267239 
651 7 |a Bojnice (Slovensko)  |2 SNKPH  |9 30288 
651 7 |a Bojnice (Slovensko)  |2 SNKPHeng  |9 30288 
655 7 |a informačné publikácie  |2 SNKPH  |9 70181 
655 7 |a výročné správy  |2 SNKPH  |9 70580 
655 7 |a Annual reports  |2 SNKPHeng  |9 265598 
655 7 |a Information publications  |2 SNKPHeng  |9 265188 
700 1 |a Lupták, Peter,  |d 1970-  |4 edt  |9 155906 
700 1 |a Klasová, Andrea  |4 edt  |9 267240 
852 |a Štátna vedecká knižnica v Banskej Bystrici 
910 |a snk 
919 |a 80-968739-1-1 
919 |a 978-80-89680-02-3 
919 |a 978-80-972353-5-2 
919 |a 978-80-972691-4-2 
919 |a 978-80-970354-3-3 
919 |a 978-80-969461-6-7 
919 |a 978-80-970908-5-2 
919 |a 978-80-969461-9-8 
999 |c 3510  |d 5440 
952 |0 0  |1 0  |4 0  |7 0  |a SNK  |b SNK  |d 2004-03-17  |i snkPV 285/2004  |l 0  |o snkČSD 2273/2000  |p 17A0367555  |r 2005-01-02 00:00:00  |w 2026-02-21  |y PREZ 
952 |0 0  |1 0  |4 0  |7 0  |a SNK  |b SNK  |d 2004-03-17  |i snkPV 286/2004  |l 0  |o snkČSD 2273/2000 D1  |p 17A0367556  |r 2005-01-02 00:00:00  |w 2026-02-21  |y PREZ 
952 |0 0  |1 0  |4 0  |7 0  |8 1  |a SNK  |b SNK  |d 2020-09-08  |i snk2020/15755  |l 0  |o snkČSD 2273/2009 D1  |p 17A1431979  |r 2026-02-21 22:15:59  |w 2026-02-21  |y PREZ  |z Vydané v r. 2010 
952 |0 0  |1 0  |4 0  |7 0  |8 1  |a SNK  |b SNK  |d 2020-09-08  |i snk2020/15756  |l 0  |o snkČSD 2273/2012  |p 17A1431980  |r 2026-02-21 22:15:59  |w 2026-02-21  |y PREZ 
952 |0 0  |1 0  |4 0  |7 0  |8 1  |a SNK  |b SNK  |d 2020-09-08  |i snk2020/15757  |l 0  |o snkČSD 2273/2012 D1  |p 17A1431981  |r 2026-02-21 22:16:00  |w 2026-02-21  |y PREZ 
952 |0 0  |1 0  |4 0  |7 0  |8 0  |a SNK  |b SNK  |d 2017-05-24  |i snk2017/12132  |l 0  |o snkČSD 2273/2009  |p 17A1206305  |r 2026-02-21 22:17:45  |w 2026-02-21  |y PREZ 
952 |0 0  |1 0  |4 0  |7 0  |8 0  |a SNK  |b SNK  |d 2017-05-24  |i snk2017/12134  |l 0  |o snkČSD 2273/2010  |p 17A1206306  |r 2026-02-21 22:17:45  |w 2026-02-21  |y PREZ 
952 |0 0  |1 0  |4 0  |7 0  |8 0  |a SNK  |b SNK  |d 2017-05-24  |i snk2017/12137  |l 0  |o snkČSD 2273/2010 D1  |p 17A1206307  |r 2026-02-21 22:17:45  |w 2026-02-21  |y PREZ 
952 |0 0  |1 0  |4 0  |7 0  |8 0  |a SNK  |b SNK  |d 2017-05-24  |i snk2017/12139  |l 0  |o snkČSD 2273/2011  |p 17A1206308  |r 2026-02-21 22:17:45  |w 2026-02-21  |y PREZ 
952 |0 0  |1 0  |4 0  |7 0  |8 0  |a SNK  |b SNK  |d 2017-05-24  |i snk2017/12140  |l 0  |o snkČSD 2273/2014  |p 17A1206309  |r 2026-02-21 22:17:45  |w 2026-02-21  |y PREZ 
952 |0 0  |1 0  |4 0  |7 0  |8 0  |a SNK  |b SNK  |d 2017-05-24  |i snk2017/12141  |l 0  |o snkČSD 2273/2014 D1  |p 17A1206310  |r 2026-02-21 22:17:45  |w 2026-02-21  |y PREZ 
952 |0 0  |1 0  |4 0  |7 0  |8 0  |a SNK  |b SNK  |d 2017-05-24  |i snk2017/12142  |l 0  |o snkČSD 2273/2015  |p 17A1206311  |r 2026-02-21 22:17:45  |w 2026-02-21  |y PREZ 
952 |0 0  |1 0  |4 0  |7 0  |8 0  |a SNK  |b SNK  |d 2017-05-24  |i snk2017/12143  |l 0  |o snkČSD 2273/2015 D1  |p 17A1206312  |r 2026-02-21 22:17:45  |w 2026-02-21  |y PREZ 
952 |0 0  |1 0  |4 0  |7 0  |8 0  |a SNK  |b SNK  |d 2017-05-24  |i snk2017/12144  |l 0  |o snkČSD 2273/2016  |p 17A1206313  |r 2026-02-21 22:17:45  |w 2026-02-21  |y PREZ 
952 |0 0  |1 0  |4 0  |7 0  |8 0  |a SNK  |b SNK  |d 2017-05-24  |i snk2017/12145  |l 0  |o snkČSD 2273/2016 D1  |p 17A1206314  |r 2026-02-21 22:17:46  |w 2026-02-21  |y PREZ